000
00286nam a2200109Ia 4500
008
220204s9999 xx 000 0 und d
082
_a
621(035)
_b
DAV
245
0
_a
Handbook of precision engineering. 8 V [V 1]
260
_a
London
_b
Macmillan
_c
1970
505
_a
v 1 missing
942
_c
BK
999
_c
22945
_d
22945